000 00407nam a2200181Ia 4500
001 17585
005 20260306171528.0
008 260306s9999||||xx |||||||||||||| ||und||
041 _aESP
082 _a658.05
_bF36
100 _aFellenstein, Craig
_eAUT
245 0 _aE-commerce
260 _c2000
300 _a320 páginas :
_c23 cm.
650 _aGEN
654 _aCAN
942 _cLIB
_dJUS
_fJUS
_2ddc
_n
999 _c17585
_d17585